Casa de Moneda (Registro nro. 5070)
[ vista simple ]
| 000 -CABECERA | |
|---|---|
| Longitud fija campo de control | 01502nam a2200313Ia 4500 |
| 005 - • FECHA Y HORA DE LA ÚLTIMA TRANSACCIÓN | |
| Fecha y hora de la última transacción | 20220317000807.0 |
| 008 - • CÓDIGOS DE INFORMACIÓN DE LONGITUD FIJA | |
| Códigos de información de longitud fija | 160601s2001 ck a g 000 0 spa |
| 020 ## - • NÚMERO INTERNACIONAL NORMALIZADO PARA LIBROS | |
| Número Internacional Normalizado para Libros (ISBN) | 9586640884 |
| 082 04 - • NÚMERO DE LA CLASIFICACIÓN DECIMAL DEWEY | |
| Número de clasificación (R) | 737.49861 |
| Número del ítem | B31c |
| 040 ## - FUENTE DE LA CATALOGACIÓN | |
| Centro catalogador de origen | CO-BoRNBP |
| Lengua de catalogación | spa |
| Normas de descripción | rda |
| Centro transcriptor | CO-BoRNBP |
| 110 1# - • PUNTO DE ACCESO PRINCIPAL-NOMBRE DE ENTIDAD CORPORATIVA | |
| Nombre de entidad corporativa o nombre de jurisdicción como elemento inicial | Biblioteca Luis Ángel Arango. Bogotá |
| 245 10 - • TITULO PROPIAMENTE DICHO | |
| Título | Casa de Moneda |
| Resto del título | exposición permanente, Colección Numismática |
| Mención de responsabilidad, etc. | prólogo Jorge Orlando Melo; textos: Juan Manuel Jaime-Barrera; fotografía Ernesto Franco |
| 250 ## - • MENCIÓN DE EDICIÓN | |
| Mención de edición | 1a. edición |
| 264 ## - PRODUCCIÓN, PUBLICACIÓN , DISTRIBUCIÓN, FABRICACIÓN Y COPYRIGHT | |
| Lugar de producción, publicación, distribución, fabricación | Bogotá |
| Nombre del productor, editor, distribuidor, fabricante | Biblioteca Luis Ángel Arango |
| Fecha de de producción, publicación, distribución, fabricación o copyright | 2001 |
| 300 ## - • DESCRIPCIÓN FÍSICA | |
| Extensión | 44 páginas |
| Otras características físicas | ilustraciones |
| Dimensiones | 23 cm |
| 336 ## - TIPO DE CONTENIDO | |
| Término de tipo de contenido | texto |
| Código de tipo de contenido | txt |
| Fuente | rdacontent |
| 337 ## - TIPO DE MEDIO | |
| Nombre del tipo de medio | sin mediación |
| Código del tipo de medio | n |
| Fuente | rdamedia |
| 338 ## - TIPO DE SOPORTE | |
| Nombre del tipo de soporte | volumen |
| Código del tipo de soporte | nc |
| Fuente | rdacarrier |
| 505 ## - • NOTA DE CONTENIDO CON FORMATO | |
| Nota de contenido con formato | Plano de la exposición. La casa -- Tiempos precolombinos -- El contacto -- Siglos XVI y XVI -- El siglo XVIII -- Finales de la colonia -- Sala de máquinas -- El siglo XIX -- Termina el siglo XIX y comienza el XX -- De los años veinte a los cuarenta -- Tiempos recientes |
| 610 ## - • PUNTO DE ACCESO ADICIONAL DE MATERIA - NOMBRE DE ENTIDAD CORPORATIVA | |
| Nombre de entidad corporativa o nombre de jurisdicción como elemento inicial | Casa de la Moneda |
| Subdivisión de forma | Catálogos |
| Subdivisión geogr´fica | Colombia |
| 650 14 - • PUNTO DE ACCESO ADICIONAL DE MATERIA - TÉRMINO DE MATERIA | |
| Fuente del encabezamiento o término | LEMB |
| Término de materia o nombre geográfico como elemento inicial | Moneda |
| Subdivisión de forma | Catálogo |
| Subdivisión de materia general | Exposiciones |
| 650 14 - • PUNTO DE ACCESO ADICIONAL DE MATERIA - TÉRMINO DE MATERIA | |
| Fuente del encabezamiento o término | LEMB |
| Término de materia o nombre geográfico como elemento inicial | Papel moneda |
| Subdivisión de forma | Catálogo |
| Subdivisión de materia general | Exposiciones |
| 650 14 - • PUNTO DE ACCESO ADICIONAL DE MATERIA - TÉRMINO DE MATERIA | |
| Fuente del encabezamiento o término | LEMB |
| Término de materia o nombre geográfico como elemento inicial | Moneda acuñación |
| Subdivisión geográfica | Colombia |
| 700 1# - • PUNTO DE ACCESO ADICIONAL - NOMBRE DE PERSONA | |
| Nombre de persona | Melo, Jaime Orlando |
| Término indicativo de función | prólogo |
| 700 1# - • PUNTO DE ACCESO ADICIONAL - NOMBRE DE PERSONA | |
| Nombre de persona | Jaime-Barrera, Juan Manuel |
| 700 1# - • PUNTO DE ACCESO ADICIONAL - NOMBRE DE PERSONA | |
| Nombre de persona | Franco Rugeles, Ernesto |
| 710 1# - • PUNTO DE ACCESO ADICIONAL - NOMBRE DE ENTIDAD | |
| Nombre de entidad o nombre de jurisdicción como elemento inicial | Banco de la República. Bogotá |
| 942 ## - ENTRADA DE ELEMENTOS AGREGADOS (KOHA) | |
| Fuente de clasificaión o esquema | Dewey Decimal Classification |
| Koha [por defecto] tipo de item | LIbro |
| Perdido | Fuente de clasificación o esquema | Estado Físico | No para préstamo | Forma de adquisición | Localización permanente | Localización actual | Localización en estanterías | Fecha adquisición | Préstamos totales | Signatura completa | Código de barras | Fecha última consulta | Número de copia | Fecha del precio de reemplazo | Tipo de item de Koha |
|---|---|---|---|---|---|---|---|---|---|---|---|---|---|---|---|
| Dewey Decimal Classification | Colección General | Biblioteca Pública Mapiripan | Biblioteca Pública Mapiripan | General | 01/05/2024 | 737.49861 B31c | MAP0000852 | 01/05/2024 | Ej.1 | 01/05/2024 | LIbro | ||||
| Clasificación Local Facetada | Colección General | Biblioteca Pública Puerto Concordia | Biblioteca Pública Puerto Concordia | General | 02/20/2026 | 737.49861 B31c | PCON02216 | 02/20/2026 | Ej.1 | 02/20/2026 | LIbro | ||||
| Dewey Decimal Classification | Colección General | Biblioteca Pública Puerto Rico | Biblioteca Pública Puerto Rico | General | 03/27/2023 | 737.49861B31c | PR00000850 | 03/27/2023 | Ej.1 | 03/27/2023 | LIbro | ||||
| Dewey Decimal Classification | Colección General | Biblioteca Pública Puerto Rico | Biblioteca Pública Puerto Rico | General | 04/20/2023 | 737.49861B31c | PR000001057 | 04/20/2023 | Ej.1 | 04/20/2023 | LIbro | ||||
| Dewey Decimal Classification | Colección General | Biblioteca Pública Uribe - Reinerio Arenas | Biblioteca Pública Uribe - Reinerio Arenas | General | 08/13/2024 | 737.49861 B31c | URI00900 | 08/13/2024 | Ej.1 | 08/13/2024 | LIbro |